000 00713nam a2200205 a 4500
001 000038463
005 20240409073644.0
008 130411s1955 dr c r 000 0 spa d
040 _aDO-SdBNP
_bspa
_cBNPHU
082 _axxxx
_bG993e
100 1 _aGuzmán y Guzman, Ramón María
_958687
245 1 3 _aEl ejercito fue mi escuela ;
_bCabalgando /
_cRamón María Guzmán y Guzmán.
260 _aCiudad Trujillo, República Dominicana :
_bAtenas,
_c1955.
300 _a120 p. :
_bil., retrs. ;
_c24 cm.
501 _aPublicado con: Cabalgando
563 _aDos obras encuadernadas juntas con paginación invertida.
590 _aInventariado, 2018/LP
650 0 _aPoesía dominicana
_966
740 3 2 _aCabalgando
999 _c37953
_d37953